000 00969nam a2200217 i 4500
001 181778
003 ES-MaACL
005 20230906221443.0
008 130326s1926 sp | |||| ||spa d
080 _a904(460.32 Ibiza)
100 1 _aRomán Ferrer, Carlos (
_d1887-1939)
_9152474
245 1 0 _aExcavaciones en Ibiza
_b: memoria de los resultados obtenidos en las excavaciones practicadas en 1924 /
_credactada por el delegado-director Carlos Román.
260 _aMadrid :
_b[s.n.],
_c1926 (
_fTip. de la "Rev. de Arch., Bibl. y Museos")
300 _a34 p., V h. de lám. ;
_c25 cm.
490 1 _aJunta Superior de Excavaciones y Antigüedades ;
_vn. 80 = n. 10, 1924-25
651 4 _aIbiza-
_xRestos arqueológicos.
_98833
710 2 _aEspaña.
_bJunta Superior de Excavaciones y Antigüedades.
_9152463
830 0 _aJunta Superior de Excavaciones y Antigüedades ;
_vn. 80 = n. 10, 1924-25
_9191570
852 _aES-MaACL
_jE-3374(10)
999 _c181778
_d181778